000 00458nam a22001577a 4500
005 20251120144838.0
008 251120b |||||||| |||| 00| 0 eng d
020 _a979-8-88715-074-1
100 _aPATTRIK, LOUIS
245 _aWOOD FOR BIOENERGY: FORESTS AS A RESOURCE FOR BIOMASS AND BIOFUELS
260 _aDUBLIN, OH
_bORYSON PRESS
300 _aVIII, 286P.
500 _aINCLUDES INDEX
650 _aFUELWOOD-UNITED STATES-HISTORY
942 _2lcc
_cBK
999 _c216237
_d216237